Contract children: questioning surrogacy /

সংরক্ষণ করুন:
গ্রন্থ-পঞ্জীর বিবরন
প্রধান লেখক: Danna, Daniela
বিন্যাস: গ্রন্থ
ভাষা:ইংরেজি
প্রকাশিত: Stuttgart : Ibidem-Verlag, 2015
বিষয়গুলি:
ট্যাগগুলো: ট্যাগ যুক্ত করুন
কোনো ট্যাগ নেই, প্রথমজন হিসাবে ট্যাগ করুন!

MARC

LEADER 00000nam a22000007i 4500
001 IT\ICCU\UBS\0006634
003 ItRI
005 20260115232020.0
008 160217s2015 gw |||||| ||||| |||||c
020 |a 9783838207605 (Paperback) 
020 |a 9783838208107 (Hardcover) 
040 |b ita  |c importazione bologna sebina 
041 7 |a eng  |2 ISO-639-2 
100 1 |a Danna, Daniela  |0 IT\ICCU\RAVV\087602 
245 1 0 |a Contract children: questioning surrogacy /  |c Daniela Danna. 
260 |a Stuttgart :  |b Ibidem-Verlag,  |c 2015 
300 |a 199 p. ;  |c 21 cm. 
650 7 |a Maternità surrogata 
790 1 |a Danna, Daniela Rita  |3 IT\ICCU\SBNV\006348  |z Danna, Daniela 
942 |2 ddc  |c BK  |n 0 
952 |0 0  |1 0  |4 0  |6 DOC_613_900000000000000_DAN  |7 0  |9 18937  |a BO  |b BO  |d 2026-01-15  |i 18354  |l 0  |o DOC 613.9 DAN  |p BO18354  |r 2026-01-15 23:20:20  |w 2026-01-15  |x [Sebina 5] [1 v.]  |y BK  |z 1 v. 
999 |c 16093  |d 16093